000 00632nam a22001697a 4500
020 _qHard Cover.
082 _a200
100 _aIllahi, Manzoor
245 _aEffects of Fillers on Mechanical, Physical, Swelling and Thermal Properties of Hydrogenated Acrylonitrile Butadiene Rebber (HNBR) /
_cManzoor Illahi.
260 _aIslamabad:
_bSCME - NUST,
_c2013.
300 _a52 p. :
_bill. ;
_c30cm.
650 _aMS- Chemical Engineering
_9129140
700 _aDr. Iram Mahmood
_928346
856 _uhttp://10.250.8.41:8080/xmlui/handle/123456789/18293
942 _2ddc
_cSC
999 _c534273
_d534273